Yin and yang/cusi (Record no. 3445)

MARC details
000 -LEADER
fixed length control field 00408nam a22001697a 4500
003 - CONTROL NUMBER IDENTIFIER
control field 0
005 - DATE AND TIME OF LATEST TRANSACTION
control field 20220114142513.0
008 - FIXED-LENGTH DATA ELEMENTS--GENERAL INFORMATION
fixed length control field 0
020 ## - INTERNATIONAL STANDARD BOOK NUMBER
International Standard Book Number 9719344629
040 ## - CATALOGING SOURCE
Transcribing agency 0
050 ## - LIBRARY OF CONGRESS CALL NUMBER
Classification number MLCM1692
Item number 2008.
245 ## - TITLE STATEMENT
Title Yin and yang/cusi
260 ## - PUBLICATION, DISTRIBUTION, ETC.
Place of publication, distribution, etc. Quezon City:
Name of publisher, distributor, etc. Jamayco Publishing Incorporation;
Date of publication, distribution, etc. c2008.
300 ## - PHYSICAL DESCRIPTION
Extent 199pages:
Other physical details with Illustration;
Dimensions 29 cm.
650 ## - SUBJECT ADDED ENTRY--TOPICAL TERM
Topical term or geographic name entry element Philippine heritage
942 ## - ADDED ENTRY ELEMENTS (KOHA)
Source of classification or shelving scheme Library of Congress Classification
Koha item type Reference
Holdings
Withdrawn status Source of classification or shelving scheme Damaged status Not for loan Home library Current library Date acquired Total Checkouts Full call number Barcode Date last seen Price effective from Koha item type
  Library of Congress Classification     Cainta College Library Cainta College Library 01/26/2018   MLCM1692 2008 URSCAI-3888 01/26/2018 01/26/2018 Reference

University of Rizal System
Email us at univlibservices@urs.edu.ph

Visit our Website www.urs.edu.ph/library